000 00586nam a2200205Ia 4500
008 220216s9999 xx 000 0 und d
100 _aReid Ch G
245 0 _aPolyolefin TPV for automotive interior applications
260 _bKautschuk Gummi Kunststoffe
_c2004
300 _a227-234
650 _aAutomotive interior applications
650 _aPolyolefins
650 _aTemperature scanning stress relaxation
650 _aThermoplastic elastomers
650 _aThermoplastic vulcanisates
700 _aCai K G
700 _aTran H
700 _aVennemann N
942 _cJS
999 _c65292
_d65292